Detalles MARC
| 000 -LIDER |
| fixed length control field |
01754nam a2200373 a 4500 |
| 001 - NÚMERO DE CONTROL |
| Identificador de número de control |
00003802 |
| 003 - IDENTIFICACDOR DE NÚMERO DE CONTROL |
| control field |
DO-SdBNP |
| 005 - DATE AND TIME OF LATEST TRANSACTION |
| control field |
20160519135659.0 |
| 007 - CAMPOS FIJOS DE DESCRIPCIÓN FÍSICA |
| fixed length control field |
00003802 |
| 008 - ELEMENTOS DE LONGITUD FIJA |
| fixed length control field |
150130s2013 dr acd 000 0 spa d |
| 020 ## - ISBN |
| International Standard Book Number |
9789945174731 |
| 040 ## - FUENTE DE CATALOGACIÓN |
| Agencia que crea de manera original el registro |
BPMSU |
| Idioma de catalogación |
spa |
| Agencia que realiza la transcripción |
BPMSU |
| 092 ## - LOCALLY ASSIGNED DEWEY DECIMAL CALL NUMBER |
| Número de clasificación |
373.83 |
| Número de ítem (Cutter) |
C569s 4to. 2013 |
| 245 00 - MENCIÓN DE TITULO |
| Título |
Ciencias sociales 4 : |
| Subtítulo |
educación media / |
| Mención de responsabilidad |
dirección editorial Anna Rogero Soler ; colaboración Víctor Ruiz... [et.al] ; edición Marcos Reynoso. |
| 260 ## - PUBLICACIÓN, DISTRIBUCIÓN, ETC. (PIE DE IMPRENTA) |
| Lugar de publicación, distribución, etc |
Santo Domingo : |
| Nombre del editor, distribuidor, etc. |
SM, |
| Fecha de publicación, distribución, etc |
2013 |
| 300 ## - DESCRIPCIÓN FÍSICA |
| Extensión |
263 p. : |
| Otros detalles físicos |
il., retrs., mapas ; |
| Dimensiones |
29 cm. + |
| Material complementario |
CD-ROM |
| 490 1# - MENCIÓN DE SERIES |
| Mención de serie |
Proyecto Sé |
| 505 0# - NOTA DE CONTENIDO |
| Título |
Unidad 1: |
| -- |
De la caída de la dictadura hasta el golpe de Estaddo de 1963 -- |
| -- |
Unidad 2 : |
| -- |
El Triunvirato y la Guerra de Abril -- |
| -- |
Unidad 3 : |
| -- |
Los Doce Años de Balaguer -- |
| -- |
Unidad 4 : |
| -- |
Consolidación de la democracia -- |
| -- |
Unidad 5 : |
| -- |
Organización territorial y población dominicana -- |
| -- |
Unidad 6 : |
| -- |
Sociedad y cultura -- |
| Información miscelánea |
Unidad 7 : |
| Título |
Producción nacional y los servicios -- |
| Información miscelánea |
Unidad 8 : |
| Título |
Economía actual -- |
| 650 #4 - ENCABEZAMIENTO DE MATERIA--TEMÁTICO |
| Término temático o nombre geográfico como elemento de entrada |
CIENCIAS SOCIALES |
| Subdivisión temática general |
EDUCACIÓN SECUNDARIA |
| 650 #4 - ENCABEZAMIENTO DE MATERIA--TEMÁTICO |
| Término temático o nombre geográfico como elemento de entrada |
CIENCIAS SOCIALES |
| Subdivisión temática general |
ESTUDIOS Y EJERCICIOS |
| 650 #4 - ENCABEZAMIENTO DE MATERIA--TEMÁTICO |
| Término temático o nombre geográfico como elemento de entrada |
CIENCIAS SOCIALES |
| Subdivisión temática general |
LIBROS DE TEXTOS |
| 650 #4 - ENCABEZAMIENTO DE MATERIA--TEMÁTICO |
| Término temático o nombre geográfico como elemento de entrada |
CIENCIAS SOCIALES |
| Subdivisión temática general |
EDUCACIÓN SECUNDARIA |
| 650 #4 - ENCABEZAMIENTO DE MATERIA--TEMÁTICO |
| Término temático o nombre geográfico como elemento de entrada |
EDUCACIÓN SECUNDARIA |
| Subdivisión geográfica |
REPÚBLICA DOMINICANA |
| 700 12 - ASIENTO SECUNDARIO -- NOMBRE PERSONAL |
| Nombre personal |
Rogero Soler, Anna, |
| Mención de responsabilidad |
ed. |
| 700 12 - ASIENTO SECUNDARIO -- NOMBRE PERSONAL |
| Nombre personal |
Ruiz, Víctor |
| Mención de responsabilidad |
colab. |
| 700 12 - ASIENTO SECUNDARIO -- NOMBRE PERSONAL |
| Nombre personal |
Reynoso, Marcos, |
| Mención de responsabilidad |
ed. |
| 830 #0 - ASIENTO SECUNDARIO DE SERIE--TÍTULO UNIFORME |
| Título uniforme |
Proyecto Sé |
| 910 ## - VALIDACIÓN |
| Validación |
Validado. Control de calidad MFF |
| 930 #1 - EQUIVALENCE OR CROSS-REFERENCE-UNIFORM TITLE HEADING [LOCAL, CANADA] |
| Language of a work |
BND01 |
| Medium of performance for music |
LF1 |
| Field link and sequence number |
20130506 |
| Date of a work |
01 |
| Name of part/section of a work |
HD |
| Miscellaneous information |
36709 |
| 942 ## - ADDED ENTRY ELEMENTS (KOHA) |
| Source of classification or shelving scheme |
Dewey Decimal Classification |
| Koha item type |
Libros |
| 956 ## - LOCAL ELECTRONIC LOCATION AND ACCESS (OCLC) |
| Nombre de host |
YLOCKWARD |
| Número de acceso |
10 |
| Información de compresión |
20150603 |
| Inicio de sesión |
BND01 |
| Procesador de solicitud |
1156 |
| 956 ## - LOCAL ELECTRONIC LOCATION AND ACCESS (OCLC) |
| Nombre de host |
VMATEO |
| Número de acceso |
10 |
| Información de compresión |
20150605 |
| Inicio de sesión |
BMET02 |
| Procesador de solicitud |
00151 |
| 956 ## - LOCAL ELECTRONIC LOCATION AND ACCESS (OCLC) |
| Nombre de host |
LOPEREZ |
| Número de acceso |
10 |
| Información de compresión |
BPMSU |
| Inicio de sesión |
00260 |